000 00247nam a2200097Ia 4500
001 640778
005 20250826153453.0
008 250824s9999 xx 000 0 und d
245 0 _aGÜLME BAŞINA GELİR KOMŞUNA
_cMİNE SOTA
260 _bGENÇ TİMAŞ
999 _c640778
_d640778